00332 2200145 4500245004400000250001100044100002400055650001600079650001700095005001900112260001800131041001400149084001400163336000900177 aAutobiograficAdita Hana SetiawanhText aCet. 1 aAdita Hana Setiawan aKarya Siswa aAutobiografi a20250520141132 aJakartac2025 aIndonesia a081 ADI a atext